The pre-action protocol for claims for damages in relation to the physical state of commercial property at the termination of a tenancy (Record no. 108489)

MARC details
000 -LEADER
fixed length control field 01491cad a22002295a 4500
001 - CONTROL NUMBER
control field L144388
008 - FIXED-LENGTH DATA ELEMENTS--GENERAL INFORMATION
fixed length control field 080715s2008 xxk f 000 0 eng d
035 ## - SYSTEM CONTROL NUMBER
System control number (Sirsi) u144388
041 0# - LANGUAGE CODE
Language code of text/sound track or separate title eng
050 04 - LIBRARY OF CONGRESS CALL NUMBER
Classification number 346.410434 $2 18
110 2# - MAIN ENTRY--CORPORATE NAME
Corporate name or jurisdiction name as entry element Property Litigation Association
9 (RLIN) 4147
245 04 - TITLE STATEMENT
Title The pre-action protocol for claims for damages in relation to the physical state of commercial property at the termination of a tenancy
Remainder of title the dilapidations protocol
Medium [electronic resource]
260 ## - PUBLICATION, DISTRIBUTION, ETC.
Place of publication, distribution, etc. London
Name of publisher, distributor, etc. PLA
Date of publication, distribution, etc. 2008
505 2# - FORMATTED CONTENTS NOTE
Formatted contents note Overview of protocol: general aim -- The protocol: the schedule -- The claim -- Landlord's loss -- The response -- Disclosure of documents -- Negotiations -- Alternative dispute resolution -- Stocktake -- Formal diminution valuation and quantification of the claim prior to issue of proceedings -- Court proceedings -- Annex A -- Annex B -- Annex C
520 ## - SUMMARY, ETC.
Summary, etc. In conjunction with the RICS review of its Guidance note on Dilapidations (L144096) the PLA has reviewed the protocol and made several changes to terminology, with the express intention of preventing exaggerated claims being made by landlords, so as to allow for sensible negotiations and early settlement of claims.
520 ## - SUMMARY, ETC.
Summary, etc. Supersedes E135069.
521 ## - TARGET AUDIENCE NOTE
Target audience note Advanced
651 #4 - SUBJECT ADDED ENTRY--GEOGRAPHIC NAME
Geographic name England and Wales
Chronological subdivision 1543-
690 ## - LOCAL SUBJECT ADDED ENTRY--TOPICAL TERM (OCLC, RLIN)
Topical term or geographic name as entry element PROPERTY-LANDLORD AND TENANT-DILAPIDATIONS
856 40 - ELECTRONIC LOCATION AND ACCESS
Uniform Resource Identifier <a href="https://www.pla.org.uk/library/protocols">https://www.pla.org.uk/library/protocols</a>
Public note View the item free of charge at www.pla.org.uk...
942 ## - ADDED ENTRY ELEMENTS (KOHA)
Suppress in OPAC 0
Holdings
Withdrawn status Lost status Source of classification or shelving scheme Damaged status Not for loan Home library Current library Shelving location Date acquired Total Checkouts Full call number Barcode Date last seen Copy number Price effective from Koha item type
    Dewey Decimal Classification     Virtual Virtual Online 15/07/2008   ONLINE PUBLICATION 144388-1001 06/08/2019 1 06/08/2019 Book